书目信息 |
| 题名: |
工程数学提要与解题范例
|
|
| 作者: | 甘以炎 编 | |
| 分册: | ||
| 出版信息: | 北京 水利电力出版社 1988.11 |
|
| 页数: | 661页 | |
| 开本: | 19厘米 | |
| 丛书名: | ||
| 单 册: | ||
| 中图分类: | TB11 | |
| 科图分类: | ||
| 主题词: | 应用数学--高等教育--自学参考资料 | |
| 电子资源: | ||
| ISBN: | 7-120-00386-0 | |
| 000 | 00785nam0 2200253 45 | |
| 001 | 0189002832 | |
| 005 | 20040705103102.4 | |
| 010 | @a7-120-00386-0@dCNY8.20 | |
| 020 | @aCN@b89002832 | |
| 100 | @a19900816d1988 m y0chiy0120 ea | |
| 101 | 0 | @achi |
| 102 | @aCM@b110000 | |
| 105 | @ay z 000yy | |
| 106 | @ar | |
| 200 | 10 | @a工程数学提要与解题范例@Agong cheng shu xue ti yao yu jie ti fan li@f甘以炎等编@Fgan yi yan deng bian |
| 210 | @a北京@c水利电力出版社@d1988.11 | |
| 215 | @a661页@d19厘米 | |
| 300 | @a工程数学自学参考用书 | |
| 540 | 1 | @a工程 数学 提要 解题@Agong cheng shu xue ti yao jie ti |
| 606 | @a应用数学@x高等教育@x自学参考资料 | |
| 690 | @aTB11@v1980 | |
| 701 | 0 | @a甘以炎@Agan yi yan@4编 |
| 801 | 0 | @aCN@bNLC@c19900816 |
| 905 | @f1@b218718@dTB11@e11 | |
| 工程数学提要与解题范例/甘以炎等编.-北京:水利电力出版社,1988.11 |
| 661页;19厘米 |
| 工程数学自学参考用书 |
| ISBN 7-120-00386-0:CNY8.20 |
| ● |
| 相关链接 |
|
|
|
|
正题名:工程数学提要与解题范例
索取号:TB11/11
 
预约/预借
| 序号 | 登录号 | 条形码 | 馆藏地/架位号 | 状态 | 备注 |
| 1 | 0218718 | 001940029 | 密集书库/ [索取号:TB11/11] | 在馆 | |
| 2 | 0218719 | 000883538 | 第二样本阅览室/ [索取号:TB11/11] | 在馆 |